[Event "Bad Woerishofen Seniors op 32nd"]
[Site "Bad Woerishofen"]
[Date "2016.03.02"]
[Round "6"]
[White "Albrecht, Franz"]
[Black "Walther, Renate"]
[Result "1-0"]
[WhiteElo "1600"]
[BlackElo "1232"]
[PlyCount "83"]
[EventDate "2016.02.26"]
[EventType "swiss"]
[EventRounds "9"]
[EventCountry "GER"]
[SourceTitle "EXT 2019"]
[Source "ChessBase"]
[SourceDate "2018.10.10"]
[SourceVersion "1"]
[SourceVersionDate "2018.10.10"]
[SourceQuality "1"]

1. d4 d5 2. c4 e6 3. Nc3 Nf6 4. cxd5 exd5 5. Nf3 Be6 6. e3 Nbd7 7. Bd3 c5 8. b3 a6 9. 0-0 Be7 10. h3 0-0 11. Bb2 cxd4 12. Nxd4 Bd6 13. Nce2 Re8 14. f4 Ne4 15. f5 Bxf5 16. Nxf5 Be5 17. Bxe5 Nxe5 18. Bxe4 dxe4 19. Qxd8 Raxd8 20. Rfd1 Nd3 21. Nfg3 g6 22. Nf4 Nxf4 23. Rxd8 Rxd8 24. exf4 e3 25. Kf1 Re8 26. Ke2 Kg7 27. Nf1 Re4 28. g3 Kf6 29. Nxe3 Re7 30. Rd1 h6 31. Kf3 Kg7 32. Rd6 Re6 33. Rxe6 fxe6 34. Ke4 Kf6 35. Ng4+ Kg7 36. Ke5 g5 37. fxg5 hxg5 38. Kxe6 Kg6 39. Ne3 b6 40. Nd5 b5 41. b4 Kh5 42. Kf5 1-0